<?xml version="1.0" encoding="UTF-8"?>
<record
    xmlns:xsi="http://www.w3.org/2001/XMLSchema-instance"
    xsi:schemaLocation="http://www.loc.gov/MARC21/slim http://www.loc.gov/standards/marcxml/schema/MARC21slim.xsd"
    xmlns="http://www.loc.gov/MARC21/slim">

  <leader>00902naa a2200217 a 4500</leader>
  <controlfield tag="001">85118</controlfield>
  <controlfield tag="003">BD-RjUL</controlfield>
  <controlfield tag="005">20250703142018.0</controlfield>
  <controlfield tag="008">250703s1963    pk ||||| |||| 00| 0 urd d</controlfield>
  <datafield tag="035" ind1=" " ind2=" ">
    <subfield code="a">(BD-RjUL)85118</subfield>
  </datafield>
  <datafield tag="040" ind1=" " ind2=" ">
    <subfield code="a">BD-RjUL</subfield>
    <subfield code="b">eng</subfield>
    <subfield code="c">BD-RjUL</subfield>
  </datafield>
  <datafield tag="041" ind1=" " ind2=" ">
    <subfield code="a">eng</subfield>
  </datafield>
  <datafield tag="082" ind1=" " ind2=" ">
    <subfield code="2">23</subfield>
    <subfield code="a">891.4391092</subfield>
    <subfield code="b">ALZ 1963</subfield>
  </datafield>
  <datafield tag="100" ind1=" " ind2=" ">
    <subfield code="a">:&#x639;&#x644;&#x648;&#x649;&#x60C; &#x62A;&#x646;&#x648;&#x649;&#x631; &#x627;&#x62D;&#x645;&#x62F;. / &#x2BB;Alv&#x12B;., Tanv&#x12B;r A&#x1E25;mad</subfield>
    <subfield code="9">15883</subfield>
  </datafield>
  <datafield tag="245" ind1="1" ind2="0">
    <subfield code="a">&#x630;&#x648;&#x642; : &#x633;&#x648;&#x627;&#x646;&#x62D; &#x627;&#x648;&#x631; &#x627;&#x646;&#x62A;&#x642;&#x627;&#x62F; / Z&#x332;auq : sav&#x101;ni&#x1E25; aur intiq&#x101;d /</subfield>
    <subfield code="c">Authors:&#x62A;&#x646;&#x648;&#x649;&#x631; &#x627;&#x62D;&#x645;&#x62F; &#x639;&#x644;&#x648;&#x649;., &#x639;&#x644;&#x648;&#x649;&#x60C; &#x62A;&#x646;&#x648;&#x649;&#x631; &#x627;&#x62D;&#x645;&#x62F;. / Tanv&#x12B;r A&#x1E25;mad &#x2BB;Alv&#x12B;., Tanv&#x12B;r A&#x1E25;mad &#x2BB;Alv&#x12B;</subfield>
  </datafield>
  <datafield tag="260" ind1=" " ind2=" ">
    <subfield code="a"> L&#x101;haur,:</subfield>
    <subfield code="b">&#x645;&#x62C;&#x644;&#x633; &#x62A;&#x631;&#x642;&#x651;&#x649; &#x627;&#x62F;&#x628;/ Majlis-i Taraqq&#x12B;-yi Adab,</subfield>
    <subfield code="c">1963</subfield>
  </datafield>
  <datafield tag="300" ind1=" " ind2=" ">
    <subfield code="a">354 p. ;</subfield>
    <subfield code="c">22 cm</subfield>
  </datafield>
  <datafield tag="600" ind1=" " ind2=" ">
    <subfield code="a">Z&#x332;auq, Shaik&#x332;h&#x332; Mu&#x1E25;ammad Ibr&#x101;h&#x12B;m,</subfield>
    <subfield code="y"> 1789-1854</subfield>
    <subfield code="9">15884</subfield>
  </datafield>
  <datafield tag="650" ind1=" " ind2=" ">
    <subfield code="a"> (&#x627;&#x631;&#x62F;&#x648; &#x634;&#x627;&#x639;&#x631;&#x6CC; )</subfield>
    <subfield code="v"> &#x62A;&#x646;&#x642;&#x6CC;&#x62F; &#x648; &#x62A;&#x62C;&#x632;&#x6CC;&#x6C1;</subfield>
    <subfield code="9">15885</subfield>
  </datafield>
  <datafield tag="942" ind1=" " ind2=" ">
    <subfield code="2">ddc</subfield>
    <subfield code="c">BK</subfield>
  </datafield>
  <datafield tag="999" ind1=" " ind2=" ">
    <subfield code="c">85118</subfield>
    <subfield code="d">85118</subfield>
  </datafield>
  <datafield tag="952" ind1=" " ind2=" ">
    <subfield code="0">0</subfield>
    <subfield code="1">0</subfield>
    <subfield code="2">ddc</subfield>
    <subfield code="4">0</subfield>
    <subfield code="7">1</subfield>
    <subfield code="8">NFIC</subfield>
    <subfield code="a">RUCL</subfield>
    <subfield code="b">RUCL</subfield>
    <subfield code="c">Reading</subfield>
    <subfield code="d">2025-07-03</subfield>
    <subfield code="l">0</subfield>
    <subfield code="o">U 891.4391092 ALZ 1963</subfield>
    <subfield code="r">2025-07-03 00:00:00</subfield>
    <subfield code="t">C-1</subfield>
    <subfield code="w">2025-07-03</subfield>
    <subfield code="y">BK</subfield>
  </datafield>
</record>
